000 00712nam a2200217Ia 4500
999 _c7654
_d7654
003 0100
005 20190715115329.0
008 130303s9999 xx 000 0 und d
020 _a1882577078
040 _cARRUPELIB
050 _aHG3881.5.I58P481993
245 _aPerpetuating poverty
245 _bthe World bank, the IMF and the Developing World
260 _aWashington, D.C.
_bCATO Institute
_c1993
300 _aix
300 _b 362 p.23cm
650 _aCommercial policy-
_98490
_xDeveloping countries
650 _aEconomic conditions
_xInternational business enterprises
_xInternational finance
_947044
700 _aedited by Doug Bandow and Ian Vasquez , Bandow, DougVasquez, Ian
_98491
942 _2lcc
_cMONOGRAPH